| 000 | 00850nam a22002177a 4500 | ||
|---|---|---|---|
| 003 | AM-YeHGA | ||
| 005 | 20250617153611.0 | ||
| 008 | 171110s1922 gw ||||| |||| 00| 0 rus d | ||
| 040 | _aAM-YeHGA | ||
| 041 | 1 |
_arus _hper |
|
| 100 | 1 | _aСаади, Мушрифаддин | |
| 245 | 1 | 0 |
_aГулистан : _bИзбранные рассказы / _cШейх Муслих-эд-дин Саади ширазский, пер. Е. Бертельс, предисл. С.Ф. Ольденбурга |
| 260 |
_aБерлин : _bГос. изд-во, _c1922. |
||
| 300 | _a114 с. | ||
| 440 | 0 | _aВсемирная литература | |
| 650 | 1 | 4 | _aПерсидская литература |
| 700 | 1 |
_aБертельс, Е. _eпер. _4trl |
|
| 700 | 1 |
_aОльденбург, С.Ф. _eавт. предисл. _4aui |
|
| 942 |
_2udc _cBK |
||
| 090 | _c396607 | ||
| 999 |
_c394571 _d394571 |
||